Die Universalität der Gnade: auch ein Beitrag zur theologischen Freiheitslehre
| Main Author: | |
|---|---|
| Format: | Print Article |
| Language: | German |
| Check availability: | HBZ Gateway |
| Interlibrary Loan: | Interlibrary Loan for the Fachinformationsdienste (Specialized Information Services in Germany) |
| Published: |
2016
|
| In: |
Karl Barth als Lehrer der Versöhnung (1950-1968)
Year: 2016, Pages: 310-329 |
| Online Access: |
Volltext (kostenfrei) Volltext (kostenfrei) |
| Rights Information: | InC 1.0 |
MARC
| LEADER | 00000caa a22000002c 4500 | ||
|---|---|---|---|
| 001 | 1833024540 | ||
| 003 | DE-627 | ||
| 005 | 20260318182729.0 | ||
| 007 | tu | ||
| 008 | 230202s2016 xx ||||| 00| ||ger c | ||
| 020 | |a 9783290178338 | ||
| 035 | |a (DE-627)1833024540 | ||
| 035 | |a (DE-599)KXP1833024540 | ||
| 040 | |a DE-627 |b ger |c DE-627 |e rda | ||
| 041 | |a ger | ||
| 084 | |a 1 |2 ssgn | ||
| 100 | 1 | |e VerfasserIn |0 (DE-588)128907347 |0 (DE-627)38517294X |0 (DE-576)171202910 |4 aut |a Zeindler, Matthias |d 1958- | |
| 109 | |a Zeindler, Matthias 1958- | ||
| 245 | 1 | 4 | |a Die Universalität der Gnade |b auch ein Beitrag zur theologischen Freiheitslehre |
| 264 | 1 | |c 2016 | |
| 336 | |a Text |b txt |2 rdacontent | ||
| 337 | |a ohne Hilfsmittel zu benutzen |b n |2 rdamedia | ||
| 338 | |a Band |b nc |2 rdacarrier | ||
| 540 | |q DE-Tue135 |a Urheberrechtsschutz 1.0 |2 rs |u http://rightsstatements.org/vocab/InC/1.0 | ||
| 601 | |a Universalität | ||
| 601 | |a Beitrag | ||
| 601 | |a Theologe | ||
| 773 | 0 | 8 | |i Enthalten in |a Internationales Symposion Karl Barth als Lehrer der Versöhnung (1950-1968) (2014 : Emden) |t Karl Barth als Lehrer der Versöhnung (1950-1968) |d Zürich : TVZ, Theologischer Verlag Zürich, 2016 |g (2016), Seite 310-329 |h 562 Seiten |w (DE-627)844159557 |w (DE-576)475738055 |z 3290178331 |z 9783290178338 |7 nnam |
| 773 | 1 | 8 | |g year:2016 |g pages:310-329 |
| 776 | 1 | |o 10.15496/publikation-118222 | |
| 856 | 4 | 1 | |u http://hdl.handle.net/10900/176898 |x Resolving-System |x Digitalisierung |z kostenfrei |3 Volltext |7 0 |
| 856 | 4 | 1 | |u http://dx.doi.org/10.15496/publikation-118222 |x Resolving-System |x Digitalisierung |z kostenfrei |3 Volltext |7 0 |
| 935 | |a mteo | ||
| 951 | |a AR | ||
| ELC | |b 1 | ||
| ITA | |a 1 |t 1 | ||
| LOK | |0 000 xxxxxcx a22 zn 4500 | ||
| LOK | |0 001 4262706419 | ||
| LOK | |0 003 DE-627 | ||
| LOK | |0 004 1833024540 | ||
| LOK | |0 005 20250606120801 | ||
| LOK | |0 008 230202||||||||||||||||ger||||||| | ||
| LOK | |0 035 |a (DE-Tue135)844159557_2016_310 | ||
| LOK | |0 040 |a DE-Tue135 |c DE-627 |d DE-Tue135 | ||
| LOK | |0 092 |o n | ||
| LOK | |0 852 |a DE-Tue135 | ||
| LOK | |0 852 1 |9 00 | ||
| LOK | |0 866 |x #078 | ||
| LOK | |0 935 |a imwa |a ixau |a ixrk |a ixzw | ||
| LOK | |0 939 |a 2023-02-02 |b l01 | ||
| OAS | |a 1 | ||
| ORI | |a TA-MARC-ixtheoa001.raw | ||